|
|
|
|
| LEADER |
00000cas a2200000 c 4500 |
| 001 |
167172727 |
| 003 |
DE-627 |
| 005 |
20251024170710.0 |
| 007 |
tu |
| 008 |
941030c19759999it z| m| 0 |0ita c |
| 016 |
7 |
|
|a 012372455
|2 DE-101
|
| 016 |
7 |
|
|a 423016-4
|2 DE-600
|
| 035 |
|
|
|a (DE-627)167172727
|
| 035 |
|
|
|a (DE-576)9167172725
|
| 035 |
|
|
|a (DE-599)ZDB423016-4
|
| 035 |
|
|
|a (OCoLC)1367784263
|
| 040 |
|
|
|a DE-627
|b ger
|c DE-627
|e rakwb
|
| 041 |
|
|
|a ita
|
| 044 |
|
|
|c XA-IT
|
| 082 |
0 |
4 |
|a 910
|a 940
|a 730
|a 920
|q DE-600
|
| 084 |
|
|
|a 15.67
|2 bkl
|
| 245 |
0 |
0 |
|a Codice diplomatico pugliese
|c Società di Storia Patria per la Puglia
|
| 264 |
3 |
1 |
|a Bari
|b [Verlag nicht ermittelbar]
|c 1975-
|
| 336 |
|
|
|a Text
|b txt
|2 rdacontent
|
| 337 |
|
|
|a ohne Hilfsmittel zu benutzen
|b n
|2 rdamedia
|
| 338 |
|
|
|a Band
|b nc
|2 rdacarrier
|
| 362 |
0 |
|
|a 20.1975 -
|
| 363 |
0 |
1 |
|a 20
|i 1975
|
| 601 |
|
|
|a Diplomat
|
| 655 |
|
7 |
|a Monografische Reihe
|0 (DE-588)4179998-7
|0 (DE-627)104628669
|0 (DE-576)209995106
|2 gnd-content
|
| 780 |
0 |
0 |
|i Fortsetzung von
|t Codice diplomatico Barese
|
| 889 |
|
|
|w (DE-603)226958841
|
| 936 |
b |
k |
|a 15.67
|j Italien
|x Geschichte
|0 (DE-627)181569728
|
| 951 |
|
|
|a ST
|
| ELC |
|
|
|b 1
|
| ORI |
|
|
|a SA-MARC-ixtheo_ob001.raw
|
| REL |
|
|
|a 1
|
| SPR |
|
|
|a 1
|t IXT
|t REL
|
| SUB |
|
|
|a REL
|